000 00768nam a2200229Ii 4500
003 JO-AjNU
008 230605s9999||||xx |||||||||||||| ||und||
017 _a1975/1810
020 _a977-256-013-5
040 _aJO-AjNU
_bara
_erda
_cJO-AjNU
041 _aara
050 1 4 _aG128.A226 1975
100 3 _aعبد الحكيم، محمد صبحي، م.مشارك فايد، يوسف عبد المجيد,
_eauthor
_934517
245 0 0 _aدراسات في الجغرافيا العامة
250 _aط2
264 3 1 _aالقاهرة: دار النهضة العربية، 1975
300 _a387ص
336 _atext
_btxt
_2rdacontent
337 _aunmediated
_bn
_2rdamedia
338 _avolume
_bnc
_2rdacarrier
650 4 _aالحغرافيا العامة
_934518
999 _aA14161
_c17729
_d17729